Normal view
MARC view
Entry Término temático
001 - NÚMERO DE CONTROL
- campo de control: 11057
003 - IDENTIFICADOR DEL NÚMERO DE CONTROL
- campo de control: OSt
005 - FECHA Y HORA DE LA ÚLTIMA TRANSACCIÓN
- campo de control: 20200615032319.0
008 - DATOS DE LONGITUD FIJA
- campo de control de longitud fija: 200615|| aca||aabn | a|a d
040 ## - FUENTE DE LA CATALOGACIÓN
- Centro catalogador/agencia de origen: OSt
- Centro/agencia transcriptor: OSt
150 ## - ENCABEZAMIENTO--TÉRMINO DE MATERIA
- Término de materia o nombre geográfico como elemento de entrada: DIVERSIDAD BIOLOGÍCA
- Subdivisión geográfica: REPÚBLICA DOMINICANA
670 ## - FUENTE DE DATOS ENCONTRADOS
- Cita de la fuente: Work cat.: (OSt)3413: República Dominicana. Comisión Nacional de Seguimientos a los Acuerdos de la Conferencia de las Naciones Unidas sobre Medio Ambiente y Desarrollo 11056, Convenio sobre la diversidad biología y su protocolo de cartagena sobre seguridad de la biotecnología /, 2000.
